Statistics for 10 Most Populous US States

Click here to take the quiz!

General Stats

  • This quiz has been taken 1,614 times
  • The average score is 9 of 10

Answer Stats

HintAnswer% Correct
38 mil.California
99%
19 mil.New York
99%
28 mil.Texas
99%
20 mil.Florida
98%
13 mil.Illinois
89%
11 mil.Ohio
86%
10 mil.Georgia
85%
12 mil.Pennsylvania
85%
9.9 mil.Michigan
82%
9.9 mil.North Carolina
75%

Score Distribution

Percentile by Number Answered

Percent of People with Each Score

Your Score History

You have not taken this quiz